000 00643nam a22002177a 4500
005 20190813164310.0
008 190813b xxu||||| |||| 00| 0 eng d
020 _a9789386689580
_cRs.995.00
040 _aLoreto College
041 _aEnglish
082 _a396
_bRAM
100 _aRamaswamy,Sushila
245 _aWomen in political thought
_bThe quest for gender equality and beyond
_cSushila Ramaswamy
260 _aHyderabad
_bOrient Blackswan
_c2018
300 _axiv,393p
_b22cm
504 _aIncludes bibliographical references and index
650 _aGender studies
650 _aWomens' studies
850 _aLCLIB
942 _cBK
999 _c42353
_d92832